00820nam a22002055i 4500001000700000003000900007005001700016008004100033040002000074100002600094245004000120260004400160300003500204490005000239650002800289830005800317852009400375999001900469952012600488155509ES-MaACL20230906210115.0040721s1872 gw |||| | eng d aCAM bspa cCAM1 aHoey, Cashel.912801212aA Golden sorrow / cby Cashel Hoey. aLeipzig : bBernhard Tauchnitz, c1872. a2 v. (312 ; 312 p.) ; c16 cm.1 aCollection of british authors ; v1259 ; 1260 4aNovela inglesa.91374080 aCollection of british authors ; v1259 ; 12609180703 aES-MaACLjG-11616 z-- Enc. hol., conservando las cubs. originales z-- Enc. 2 t. en 1 v. c155509d155509 001040708LIBXIXaATENEOMbATENEOMcSPP3d2008-01-17eSSCl0oG-11616p1162666r2023-02-23 00:00:00w2023-02-23yMONANT